El TLC México-Estados Unidos-Canadá:
Gespeichert in:
| 1. Verfasser: | |
|---|---|
| Format: | Text |
| Schlagworte: | |
| Tags: |
Tag hinzufügen
Keine Tags, Fügen Sie den ersten Tag hinzu!
|
MARC
| LEADER | 00000 a a2200000 04500 | ||
|---|---|---|---|
| 001 | 42061 | ||
| 003 | |||
| 040 | |||
| 100 | |a Curzio Gutiérrez, Leonardo | ||
| 245 | |a El TLC México-Estados Unidos-Canadá: |a integración y desigualdades regionales / |c Leonardo Curzio Gutiérrez | ||
| 650 | |a INTEGRACION ECONOMICA | ||
| 650 | |a INTEGRACION REGIONAL | ||
| 650 | |a DESARROLLO REGIONAL | ||
| 650 | |a CONVENIOS COMERCIALES | ||
| 650 | |a DESIGUALDAD REGIONAL | ||
| 650 | |a INDICADORES ECONOMICOS | ||
| 650 | |a RIQUEZA | ||
| 650 | |a MEXICO | ||
| 773 | |g volumen22, número87 ( , 1991), páginas | ||
| 999 | |c 27456 |d 27456 | ||
